Central Library OPAC University of Rajshahi

The art of Chinese poetry / (Record no. 22528)

MARC details
000 -LEADER
fixed length control field 00641nam a2200229 a 4500
001 - CONTROL NUMBER
control field 22528
003 - CONTROL NUMBER IDENTIFIER
rucl marc code BD-RjUL
005 - DATE AND TIME OF LATEST TRANSACTION
control field 20211209000822.0
008 - FIXED-LENGTH DATA ELEMENTS--GENERAL INFORMATION
fixed length control field 140308s1962 enk b 001 1 eng d
035 ## - SYSTEM CONTROL NUMBER
System control number (BD-RjUL)22593
040 ## - CATALOGING SOURCE
Original cataloging agency ANL
Language of cataloging eng
Transcribing agency ANL
Modifying agency BD-RjUL
041 ## - LANGUAGE CODE
Language code of text/sound track or separate title eng
082 04 - DEWEY DECIMAL CLASSIFICATION NUMBER
Classification number 895.1109
Author mark and year LIA 1962
100 1# - MAIN ENTRY--PERSONAL NAME
Personal name Liu, James J. Y.
9 (RLIN) 69563
245 14 - TITLE STATEMENT
Title The art of Chinese poetry /
Statement of responsibility, etc. by James J. Y. Liu.
260 ## - PUBLICATION, DISTRIBUTION, ETC. (IMPRINT)
Place of publication, distribution, etc. London :
Name of publisher, distributor, etc. Routledge,
Date of publication, distribution, etc. c1962.
300 ## - PHYSICAL DESCRIPTION
Pagination xii, 164 p. ;
Size 21 cm.
504 ## - BIBLIOGRAPHY, ETC. NOTE
Bibliography, etc Includes index.
650 #0 - SUBJECT ADDED ENTRY--TOPICAL TERM
Topical term or geographic name as entry element Chinese poetry
General subdivision History and criticism.
9 (RLIN) 69564
942 ## - ADDED ENTRY ELEMENTS (KOHA)
Source of classification or shelving scheme Dewey Decimal Classification
Koha item type Books
Holdings
Lost status Source of classification or shelving scheme Damaged status Not for loan Collection code Permanent Location Current Location Shelving location Date acquired Source of acquisition Cost, normal purchase price Total Checkouts Full call number Date last seen Copy number Koha item type
  Dewey Decimal Classification   Added to bundle Fiction Central Library, University of Rajshahi Central Library, University of Rajshahi Reading Room 04/06/1965 Orientalia 6.00   895.1109 LIA 1962 08/03/2014 C-1 Books